| 000 | 00937nam a2200181Ia 4500 | ||
|---|---|---|---|
| 008 | 100921s9999 xx 000 0 und d | ||
| 082 |
_b35205 _a923.2 न 02 |
||
| 100 | _aगाडे सोपान. | ||
| 245 | _aमहाराष्ट्राचे मुख्यमंत्री-नारायण राणे. | ||
| 260 |
_bआविष्कार प्रकाशन,पुणे. _c2002 |
||
| 300 |
_a40 _bमयुरेष बुक एजन्सी,कराड |
||
| 365 | _b20 | ||
| 520 | _aचरित्रे-राजकारणी व्यिक्त. | ||
| 630 | _aमहाराष्ट्राचे मुख्यमंत्री-नारायण राणे. | ||
| 650 | _aचरित्रे-राजकारणी व्यिक्त. | ||
| 730 | _aमहाराष्ट्राचे मुख्यमंत्री-नारायण राणे. | ||
| 942 | _cBOOK | ||
| 999 |
_c784318 _d784315 |
||